000 00714cam a22002294a 4500
005 20250605164002.0
008 250528s ||||||||||||||||||||||||d
035 _a15658
020 _a314481281
040 _aGR-AtMCL
_bgre
_dGR-AtMCL
_eAACR2
245 1 _aCases in Investments / Second Edition
250 _a2nd
260 _bWest Publishing Company,
_c1989
300 _a259
520 _aPreface, The Investment Environment, Equity Valuation, Bond Valuation, Other Investments, Portfolio Management, Stock Price Bahavior, Index of Cases.
700 1 _aKare Dilip D
_91618
700 1 _aMoses Edward A
_91619
700 1 _aThompson Donald J
_91620
942 _cBK
999 _c1221
_d1221